000 00386nam a2200169Ia 4500
001 21590
003 IN-NITTTR
005 20251114233245.0
008 251113s9999||||xx |||||||||||||| ||eng||
040 _beng
040 _cIN-NITTTR
041 _aeng
082 _a927.9143 S71W
100 _aSarkar, Bidyut
245 0 _aWorld of Satyajit Ray. /
_cSarkar, Bidyut
942 _2ddc
_cBK
999 _c24220
_d24220